[Event "Al Ain Amateur op 4th"]
[Site "Al Ain"]
[Date "2015.12.28"]
[Round "7"]
[White "Alur, Varun"]
[Black "Hamad Ahmad, Alkaabi"]
[Result "0-1"]
[WhiteElo "1380"]
[BlackElo "1473"]
[PlyCount "47"]
[EventDate "2015.12.23"]
[EventType "swiss"]
[EventRounds "9"]
[EventCountry "UAE"]
[SourceTitle "CBM 170 Extra"]
[Source "ChessBase"]
[SourceDate "2016.02.25"]
[SourceVersion "1"]
[SourceVersionDate "2016.02.25"]
[SourceQuality "1"]

1. e4 c5 2. Nf3 Nc6 3. d4 cxd4 4. Nxd4 Nf6 5. Nc3 e5 6. Nb3 Bb4 7. Bd3 d5 8. exd5 Qxd5 9. 0-0 Bxc3 10. bxc3 e4 11. Bxe4 Qxd1 12. Bxc6+ bxc6 13. Rxd1 0-0 14. Rd6 Re8 15. Ba3 Bf5 16. Nd4 Be4 17. f3 Bd5 18. Nxc6 Bxc6 19. Rxc6 Rad8 20. Rc7 Rd2 21. Rxa7 h6 22. Re7 Red8 23. Rae1 Rxc2 24. Rc1 0-1

[Event "Al Ain Amateur op 4th"]
[Site "Al Ain"]
[Date "2015.12.27"]
[Round "6"]
[White "Hamad Ahmad, Alkaabi"]
[Black "Alali, Ali"]
[Result "1-0"]
[WhiteElo "1473"]
[BlackElo "1265"]
[PlyCount "42"]
[EventDate "2015.12.23"]
[EventType "swiss"]
[EventRounds "9"]
[EventCountry "UAE"]
[SourceTitle "CBM 170 Extra"]
[Source "ChessBase"]
[SourceDate "2016.02.25"]
[SourceVersion "1"]
[SourceVersionDate "2016.02.25"]
[SourceQuality "1"]

1. e4 e5 2. Nf3 Nf6 3. Nxe5 d6 4. Nf3 Nxe4 5. d4 Be7 6. Bd3 Nf6 7. 0-0 0-0 8. c4 c6 9. Nc3 d5 10. h3 Be6 11. Ng5 dxc4 12. Nxe6 fxe6 13. Bxc4 Nd5 14. Re1 Rf6 15. Bg5 Rg6 16. Bxe7 Qxe7 17. Nxd5 cxd5 18. Bxd5 Nc6 19. Be4 Rf6 20. d5 exd5 21. Bxd5+ Kh8 1-0

[Event "Al Ain Amateur op 4th"]
[Site "Al Ain"]
[Date "2015.12.26"]
[Round "4"]
[White "Hamad Ahmad, Alkaabi"]
[Black "Khezrian, Mohammad"]
[Result "0-1"]
[WhiteElo "1473"]
[BlackElo "1452"]
[PlyCount "74"]
[EventDate "2015.12.23"]
[EventType "swiss"]
[EventRounds "9"]
[EventCountry "UAE"]
[SourceTitle "CBM 170 Extra"]
[Source "ChessBase"]
[SourceDate "2016.02.25"]
[SourceVersion "1"]
[SourceVersionDate "2016.02.25"]
[SourceQuality "1"]

1. e4 e5 2. Nf3 Nc6 3. d4 exd4 4. Nxd4 Nf6 5. Nxc6 bxc6 6. e5 Nd5 7. c4 Bb4+ 8. Bd2 Bxd2+ 9. Nxd2 Nb6 10. Bd3 0-0 11. 0-0 h6 12. Qf3 Qg5 13. Qe4 g6 14. f4 Qe7 15. f5 d5 16. Qe3 Qg5 17. Qxg5 hxg5 18. fxg6 fxg6 19. Rxf8+ Kxf8 20. Rf1+ Ke7 21. Rf6 Nd7 22. Rf3 Nxe5 23. Re3 Kf6 24. Be2 Bf5 25. Nf3 Be4 26. Nxe5 Kxe5 27. Bf3 Kd4 28. Rc3 Rc8 29. cxd5 cxd5 30. Bxe4 Kxe4 31. Kf2 d4 32. Rc6 Kd3 33. Rxg6 c5 34. Rxg5 Kc2 35. Rg3 Kxb2 36. Ke2 Kc2 37. h4 c4 0-1